[Event "Hastings Hybrid KO/Open"]
[Site "Hastings"]
[Date "2004.12.29"]
[Round "2"]
[White "Kaufman, Raymond"]
[Black "Rudd, Jack"]
[Result "1/2-1/2"]
[WhiteElo "2211"]
[BlackElo "2291"]
[PlyCount "98"]
[EventDate "2004.12.28"]
[EventType "swiss"]
[EventCountry "ENG"]
[SourceTitle "BCM-0004"]
[Source "bcmchess.co.uk"]
[SourceDate "2005.02.07"]
[SourceVersion "1"]
[SourceVersionDate "2005.02.07"]
[SourceQuality "2"]

1. d4 Nf6 2. c4 c5 3. d5 e6 4. Nc3 exd5 5. cxd5 d6 6. e4 g6 7. f4 a6 8. a4 Bg7
9. Bd3 O-O 10. Nf3 Bg4 11. h3 Bxf3 12. Qxf3 Nbd7 13. O-O Qc7 14. Kh1 c4 15. Bc2
Rab8 16. Be3 Nc5 17. e5 Nfd7 18. e6 Nf6 19. f5 b5 20. axb5 axb5 21. exf7+ Qxf7
22. fxg6 hxg6 23. Qg3 Nd3 24. Qxd6 b4 25. Ra7 Qe8 26. Rxg7+ Kxg7 27. Bd4 Qd8
28. Qxd8 Rbxd8 29. Ne4 Rxd5 30. Bxf6+ Kg8 31. b3 c3 32. Ra1 Re8 33. Rd1 Rxe4
34. Rxd3 Rxd3 35. Bxd3 Re3 36. Bc2 Re2 37. Bd3 Rd2 38. Be4 Kf7 39. Bg5 Rb2 40.
Bd5+ Kf8 41. Kh2 Re2 42. Bc4 Re1 43. Bd3 Kf7 44. Bf4 Rd1 45. Bc2 Ra1 46. Bd6
Rc1 47. Be4 c2 48. Bxc2 Rxc2 49. Bxb4 Rb2 1/2-1/2

[Event "Hastings Hybrid KO/Open"]
[Site "Hastings"]
[Date "2004.12.29"]
[Round "2"]
[White "Knott, Simon JB"]
[Black "Giles, Benjamin J"]
[Result "1-0"]
[WhiteElo "2388"]
[BlackElo "2075"]
[PlyCount "73"]
[EventDate "2004.12.28"]
[EventType "swiss"]
[EventCountry "ENG"]
[SourceTitle "BCM-0004"]
[Source "bcmchess.co.uk"]
[SourceDate "2005.02.07"]
[SourceVersion "1"]
[SourceVersionDate "2005.02.07"]
[SourceQuality "2"]

1. Nf3 Nf6 2. c4 g6 3. Nc3 Bg7 4. e4 d6 5. d4 O-O 6. Be2 c5 7. O-O cxd4 8. Nxd4
Nc6 9. Be3 a6 10. Qd2 e5 11. Nxc6 bxc6 12. Rfd1 Rb8 13. Rab1 Ng4 14. Bxg4 Bxg4
15. f3 Be6 16. Qxd6 Qxd6 17. Rxd6 Bxc4 18. Rxc6 Rfc8 19. Rxc8+ Rxc8 20. Rc1 Be6
21. Nd5 Rxc1+ 22. Bxc1 Bxd5 23. exd5 Kf8 24. Be3 Ke7 25. Bc5+ Kd7 26. b4 Bf6
27. Kf2 Be7 28. a4 Bxc5+ 29. bxc5 f5 30. g4 Kc7 31. g5 Kd7 32. Ke3 Kc7 33. Kd3
Kd7 34. a5 Kd8 35. Kc4 Kd7 36. d6 Ke6 37. h3 1-0

[Event "Hastings Hybrid KO/Open"]
[Site "Hastings"]
[Date "2004.12.29"]
[Round "2"]
[White "Lalic, Bogdan"]
[Black "Stevens, Christian"]
[Result "1/2-1/2"]
[WhiteElo "2515"]
[BlackElo "2287"]
[PlyCount "41"]
[EventDate "2004.12.28"]
[EventType "swiss"]
[EventCountry "ENG"]
[SourceTitle "BCM-0004"]
[Source "bcmchess.co.uk"]
[SourceDate "2005.02.07"]
[SourceVersion "1"]
[SourceVersionDate "2005.02.07"]
[SourceQuality "2"]

1. d4 Nf6 2. c4 Nc6 3. Nf3 e6 4. g3 d5 5. Bg2 dxc4 6. Qa4 Bb4+ 7. Bd2 Nd5 8.
Bxb4 Ndxb4 9. O-O a6 10. Ne5 O-O 11. Nxc6 Nxc6 12. Bxc6 bxc6 13. Na3 Qxd4 14.
Nxc4 e5 15. Rad1 Qc5 16. Rc1 Qb5 17. Qc2 Be6 18. b3 Rfd8 19. Rfd1 Bxc4 20.
Rxd8+ Rxd8 21. Qxc4 1/2-1/2

[Event "Hastings Hybrid KO/Open"]
[Site "Hastings"]
[Date "2004.12.29"]
[Round "2"]
[White "Mansson, James C"]
[Black "Wegerle, Joerg"]
[Result "0-1"]
[WhiteElo "2093"]
[BlackElo "2343"]
[PlyCount "88"]
[EventDate "2004.12.28"]
[EventType "swiss"]
[EventCountry "ENG"]
[SourceTitle "BCM-0004"]
[Source "bcmchess.co.uk"]
[SourceDate "2005.02.07"]
[SourceVersion "1"]
[SourceVersionDate "2005.02.07"]
[SourceQuality "2"]

1. Nf3 d5 2. d4 Nf6 3. c4 e6 4. Nc3 c6 5. Bg5 h6 6. Bh4 dxc4 7. e4 g5 8. Bg3 b5
9. Be2 Bb7 10. h4 g4 11. Ne5 h5 12. O-O Nbd7 13. Qc2 Nxe5 14. Bxe5 Bh6 15. b3
cxb3 16. axb3 O-O 17. Rad1 a6 18. Bg3 Nh7 19. e5 Qe7 20. Ne4 Rad8 21. Nc5 Bc8
22. Bd3 f5 23. exf6 Nxf6 24. Rfe1 Rd5 25. Be4 Nxe4 26. Qxe4 Rf6 27. Be5 Rf5 28.
Bg3 Bg7 29. b4 Bf6 30. Nxe6 Bxe6 31. Qxe6+ Qxe6 32. Rxe6 Bxd4 33. Rc1 c5 34.
Rxa6 cxb4 35. Rb1 Bc5 36. Rb2 Rd3 37. Kh2 b3 38. Ra1 Bd4 39. Ra8+ Rf8 40. Rxf8+
Kxf8 41. Rb1 b2 42. Bf4 Kf7 43. Be3 Be5+ 44. g3 Ra3 0-1

[Event "Hastings Hybrid KO/Open"]
[Site "Hastings"]
[Date "2004.12.29"]
[Round "2"]
[White "Marusenko, Petr"]
[Black "Calvert, D Ian"]
[Result "1-0"]
[WhiteElo "2320"]
[BlackElo "2036"]
[PlyCount "25"]
[EventDate "2004.12.28"]
[EventType "swiss"]
[EventCountry "ENG"]
[SourceTitle "BCM-0004"]
[Source "bcmchess.co.uk"]
[SourceDate "2005.02.07"]
[SourceVersion "1"]
[SourceVersionDate "2005.02.07"]
[SourceQuality "2"]

1. e4 d5 2. exd5 Qxd5 3. Nc3 Qa5 4. d4 c6 5. Nf3 Nf6 6. g3 Bg4 7. Bg2 e6 8. h3
Bh5 9. O-O Nbd7 10. Ne2 O-O-O 11. Nf4 Bg6 12. Nxg6 hxg6 13. Ng5 1-0

[Event "Hastings Hybrid KO/Open"]
[Site "Hastings"]
[Date "2004.12.29"]
[Round "2"]
[White "Mirzoeva, Elmira"]
[Black "Cherniaev, Alexander"]
[Result "0-1"]
[WhiteElo "2265"]
[BlackElo "2509"]
[PlyCount "82"]
[EventDate "2004.12.28"]
[EventType "swiss"]
[EventCountry "ENG"]
[SourceTitle "BCM-0004"]
[Source "bcmchess.co.uk"]
[SourceDate "2005.02.07"]
[SourceVersion "1"]
[SourceVersionDate "2005.02.07"]
[SourceQuality "2"]

1. e4 c5 2. Nf3 e6 3. b3 b6 4. Bb2 Bb7 5. e5 a6 6. Be2 Ne7 7. h4 Nbc6 8. h5 Nf5
9. Bd3 Nfd4 10. Nxd4 Nxd4 11. Qg4 Qc7 12. Bxd4 cxd4 13. Qxd4 Bc5 14. Qc3 Bxg2
15. Rg1 Qb7 16. Be2 g6 17. Qg3 Bc6 18. c3 Be7 19. d4 b5 20. Nd2 Rc8 21. Qe3 d6
22. Bf3 Bxf3 23. Nxf3 Qc7 24. Rc1 gxh5 25. d5 Qc5 26. dxe6 Qxe3+ 27. fxe3 fxe6
28. exd6 Bxd6 29. Rg7 Rc7 30. Rxc7 Bxc7 31. c4 b4 32. c5 Rg8 33. Kf2 h4 34. Rh1
Bg3+ 35. Ke2 Rg4 36. Nd4 Kd7 37. Kf3 Rg6 38. Ke4 Rf6 39. Nf3 Kc6 40. Nxh4 Rh6
41. Kf3 Rxh4 0-1

[Event "Hastings Hybrid KO/Open"]
[Site "Hastings"]
[Date "2004.12.29"]
[Round "2"]
[White "Norinkeviciute, Rasa"]
[Black "Donovan, Nigel"]
[Result "1/2-1/2"]
[WhiteElo "2032"]
[BlackElo "2130"]
[PlyCount "63"]
[EventDate "2004.12.28"]
[EventType "swiss"]
[EventCountry "ENG"]
[SourceTitle "BCM-0004"]
[Source "bcmchess.co.uk"]
[SourceDate "2005.02.07"]
[SourceVersion "1"]
[SourceVersionDate "2005.02.07"]
[SourceQuality "2"]

1. e4 c5 2. Nc3 Nc6 3. g3 g6 4. Bg2 Bg7 5. d3 d6 6. Be3 Rb8 7. Qd2 Qa5 8. f4
Nd4 9. h3 e6 10. Nf3 Nxf3+ 11. Bxf3 Ne7 12. d4 O-O 13. Ne2 Qxd2+ 14. Kxd2 f5
15. c3 b6 16. Rhf1 Bb7 17. e5 Bxf3 18. Rxf3 d5 19. dxc5 bxc5 20. Bxc5 Rxb2+ 21.
Kd3 Kf7 22. Bxa7 Ra8 23. Bc5 Raxa2 24. Rxa2 Rxa2 25. Bxe7 Kxe7 26. Rf1 Kd7 27.
Rb1 Kc7 28. Nd4 Ra6 29. Nb5+ Kc6 30. Nd4+ Kc7 31. Nb5+ Kc6 32. Nd4+ 1/2-1/2

[Event "Hastings Hybrid KO/Open"]
[Site "Hastings"]
[Date "2004.12.29"]
[Round "2"]
[White "Pafura, Godfrey"]
[Black "Liassota, Evgueni"]
[Result "1/2-1/2"]
[WhiteElo "2105"]
[BlackElo "2348"]
[PlyCount "135"]
[EventDate "2004.12.28"]
[EventType "swiss"]
[EventCountry "ENG"]
[SourceTitle "BCM-0004"]
[Source "bcmchess.co.uk"]
[SourceDate "2005.02.07"]
[SourceVersion "1"]
[SourceVersionDate "2005.02.07"]
[SourceQuality "2"]

1. Nf3 e6 2. g3 d5 3. d4 c5 4. c3 Nc6 5. Bg2 Nf6 6. O-O Qb6 7. h3 Bd7 8. e3 Ne4
9. Nfd2 f5 10. Nxe4 dxe4 11. f3 exf3 12. Qxf3 Be7 13. Nd2 O-O 14. Nb3 c4 15.
Nd2 Na5 16. Qe2 Qc7 17. e4 Qxg3 18. Rf3 Qg6 19. exf5 Rxf5 20. Rxf5 Qxf5 21. Ne4
Rf8 22. Bd2 Qg6 23. Kh1 Rf5 24. Rf1 Bc6 25. Bf4 Qf7 26. Qg4 g5 27. Bxg5 Bxg5
28. Rxf5 Qxf5 29. Qxg5+ Qxg5 30. Nxg5 Bd5 31. Kh2 Nc6 32. Ne4 Kg7 33. Nd6 Nd8
34. Bf1 Nf7 35. Nxc4 Ng5 36. Kg3 Kf6 37. Bd3 h6 38. h4 Nf7 39. Nd2 Bxa2 40. b3
Nd6 41. Kf4 b5 42. Bc2 a5 43. Ne4+ Nxe4 44. Kxe4 a4 45. bxa4 bxa4 46. Bxa4 Bd5+
47. Kf4 Bc4 48. Bc2 Ke7 49. Ke5 Kf7 50. Bd1 Kg6 51. Bg4 Kf7 52. Bh5+ Ke7 53.
Bg6 Be2 54. Be4 Bc4 55. Bc6 Bd3 56. Ba4 Bc4 57. Bc2 Kf7 58. Kd6 Kf6 59. Kc5 Be2
60. c4 Ke7 61. Bb3 Bf3 62. Kb6 e5 63. d5 e4 64. c5 e3 65. d6+ Kd8 66. Bc4 e2
67. Bxe2 Bxe2 68. c6 1/2-1/2

[Event "Hastings Hybrid KO/Open"]
[Site "Hastings"]
[Date "2004.12.29"]
[Round "2"]
[White "Pavlovic, Milos"]
[Black "Snape, Ian L"]
[Result "1/2-1/2"]
[WhiteElo "2481"]
[BlackElo "2273"]
[PlyCount "67"]
[EventDate "2004.12.28"]
[EventType "swiss"]
[EventCountry "ENG"]
[SourceTitle "BCM-0004"]
[Source "bcmchess.co.uk"]
[SourceDate "2005.02.07"]
[SourceVersion "1"]
[SourceVersionDate "2005.02.07"]
[SourceQuality "2"]

1. e4 c5 2. Nf3 d6 3. d4 cxd4 4. Nxd4 Nf6 5. Nc3 g6 6. Be3 Bg7 7. f3 O-O 8. Qd2
Nc6 9. O-O-O d5 10. exd5 Nxd5 11. Nxc6 bxc6 12. Bd4 e5 13. Bc5 Be6 14. Ne4 Rb8
15. Bc4 f5 16. Ng5 e4 17. c3 Bh6 18. h4 Re8 19. fxe4 fxe4 20. Rhe1 Qa5 21. Ba3
e3 22. Qd3 Nf4 23. Qxe3 Bxg5 24. hxg5 Qxg5 25. Rd7 Ne2+ 26. Rxe2 Qxe3+ 27. Rxe3
Bxc4 28. Rxe8+ Rxe8 29. Be7 Bxa2 30. Bf6 Re6 31. Rg7+ Kf8 32. Bd4 Bd5 33. Rxh7
Bc4 34. Bc5+ 1/2-1/2

[Event "Hastings Hybrid KO/Open"]
[Site "Hastings"]
[Date "2004.12.29"]
[Round "2"]
[White "Pert, Richard"]
[Black "Hagesaether, Arne"]
[Result "1-0"]
[WhiteElo "2420"]
[BlackElo "2170"]
[PlyCount "73"]
[EventDate "2004.12.28"]
[EventType "swiss"]
[EventCountry "ENG"]
[SourceTitle "BCM-0004"]
[Source "bcmchess.co.uk"]
[SourceDate "2005.02.07"]
[SourceVersion "1"]
[SourceVersionDate "2005.02.07"]
[SourceQuality "2"]

1. d4 Nf6 2. Bg5 c6 3. Bxf6 gxf6 4. e3 Qb6 5. Qc1 Bh6 6. Nd2 d5 7. Ne2 e5 8. c4
Be6 9. Qc3 Nd7 10. c5 Qc7 11. Nb3 Bg4 12. Ng3 e4 13. h3 Be6 14. Nh5 Rg8 15. g3
Ke7 16. Be2 Nf8 17. Na5 Rb8 18. b4 Bd7 19. a4 Ne6 20. b5 Rgc8 21. Rb1 Ng7 22.
Nxg7 Bxg7 23. b6 axb6 24. Rxb6 Rd8 25. Qb4 Bh6 26. Kd2 Rg8 27. Nxb7 f5 28. Na5
Ra8 29. Nb3 Ra7 30. a5 f4 31. gxf4 Rg2 32. a6 Rxf2 33. Rb7 Rxb7 34. Qxb7 Kd8
35. Rg1 Bxf4 36. Rg8+ Ke7 37. Qxc7 1-0

[Event "Hastings Hybrid KO/Open"]
[Site "Hastings"]
[Date "2004.12.29"]
[Round "2"]
[White "Radovanovic, Jovica"]
[Black "Socko, Bartosz"]
[Result "0-1"]
[WhiteElo "2288"]
[BlackElo "2570"]
[PlyCount "148"]
[EventDate "2004.12.28"]
[EventType "swiss"]
[EventCountry "ENG"]
[SourceTitle "BCM-0004"]
[Source "bcmchess.co.uk"]
[SourceDate "2005.02.07"]
[SourceVersion "1"]
[SourceVersionDate "2005.02.07"]
[SourceQuality "2"]

1. e4 e5 2. Nf3 Nc6 3. Bb5 a6 4. Bxc6 dxc6 5. O-O Qd6 6. Na3 b5 7. Qe2 c5 8. c3
Bb7 9. d3 Nf6 10. c4 Bc6 11. b3 Rd8 12. Bb2 Nd7 13. Nh4 g6 14. f4 Bg7 15. Nc2
Bf6 16. g3 exf4 17. Bxf6 Qxf6 18. Ng2 f3 19. Rxf3 Qb2 20. Rff1 O-O 21. Nf4 Ne5
22. Rfb1 Qc3 23. Rd1 Rfe8 24. Nd5 Bxd5 25. cxd5 c6 26. Ne3 f5 27. Kh1 Qd4 28.
Nc2 Qb2 29. dxc6 Nxc6 30. Qg2 fxe4 31. dxe4 Qc3 32. Qe2 Ne5 33. Rxd8 Rxd8 34.
Rd1 Rxd1+ 35. Qxd1 Nd3 36. Qe2 c4 37. bxc4 bxc4 38. Ne3 Qd4 39. Nd1 c3 40. Qc2
Qxe4+ 41. Kg1 Qd4+ 42. Kf1 Ne5 43. Qb3+ Kg7 44. Nxc3 Ng4 45. Qb7+ Kh6 46. Qb2
Qd3+ 47. Kg1 Qd4+ 48. Kf1 a5 49. Qc1+ Kg7 50. Qb2 Nxh2+ 51. Kg2 Ng4 52. Na4
Qxb2+ 53. Nxb2 Ne5 54. Kf2 Kf6 55. Na4 Kf5 56. Nc5 h5 57. a4 Nc4 58. Kf3 Ne5+
59. Kg2 Kg4 60. Nb3 Nc4 61. Kf2 Kh3 62. Nd4 Nb2 63. Nb3 Nxa4 64. Nxa5 Nc5 65.
Kf3 g5 66. Nc4 g4+ 67. Kf4 Ne6+ 68. Kf5 Kxg3 69. Kxe6 h4 70. Kf5 h3 71. Ne3 h2
72. Nf1+ Kf2 73. Nxh2 g3 74. Ng4+ Ke2 0-1

[Event "Hastings Hybrid KO/Open"]
[Site "Hastings"]
[Date "2004.12.29"]
[Round "2"]
[White "Rendle, Thomas"]
[Black "Twitchell, Neville H"]
[Result "1-0"]
[WhiteElo "2303"]
[BlackElo "2023"]
[PlyCount "105"]
[EventDate "2004.12.28"]
[EventType "swiss"]
[EventCountry "ENG"]
[SourceTitle "BCM-0004"]
[Source "bcmchess.co.uk"]
[SourceDate "2005.02.07"]
[SourceVersion "1"]
[SourceVersionDate "2005.02.07"]
[SourceQuality "2"]

1. e4 c5 2. Nf3 d6 3. c3 Nf6 4. Be2 g6 5. O-O Bg7 6. Bb5+ Nbd7 7. Re1 O-O 8. d4
a6 9. Bf1 e5 10. dxe5 Nxe5 11. Nxe5 dxe5 12. Qxd8 Rxd8 13. a4 Be6 14. a5 Nxe4
15. Rxe4 Rd1 16. Na3 Bf5 17. Re3 Bh6 18. Nc4 Rad8 19. b3 Bxe3 20. Nxe3 Re1 21.
Nxf5 gxf5 22. Bg5 Rxa1 23. Bxd8 Rb1 24. Bb6 Rxb3 25. Bxc5 Rxc3 26. Bb6 Kf8 27.
g3 Rc1 28. Kg2 Ke7 29. Be2 Kd6 30. Bh5 f6 31. Kf3 Rb1 32. Bf7 Rxb6 33. axb6 Kc6
34. Be6 Kxb6 35. Bxf5 h6 36. Kg4 a5 37. Kh5 Kc5 38. Kxh6 a4 39. h4 b5 40. Kg7
b4 41. Bd7 a3 42. Be6 Kd4 43. h5 Kc3 44. h6 b3 45. h7 a2 46. h8=Q a1=Q 47. Qc8+
Kd2 48. Bxb3 Qa7+ 49. Kg6 Qb6 50. Qc2+ Ke1 51. Bc4 f5+ 52. Kh5 Qxf2 53. Qc1#
1-0

[Event "Hastings Hybrid KO/Open"]
[Site "Hastings"]
[Date "2004.12.29"]
[Round "2"]
[White "Schaack, Harry"]
[Black "Wu, Li"]
[Result "1/2-1/2"]
[WhiteElo "2294"]
[BlackElo "2236"]
[PlyCount "113"]
[EventDate "2004.12.28"]
[EventType "swiss"]
[EventCountry "ENG"]
[SourceTitle "BCM-0004"]
[Source "bcmchess.co.uk"]
[SourceDate "2005.02.07"]
[SourceVersion "1"]
[SourceVersionDate "2005.02.07"]
[SourceQuality "2"]

1. e4 c5 2. Nf3 d6 3. d4 cxd4 4. Nxd4 Nf6 5. Nc3 g6 6. Be3 Bg7 7. f3 O-O 8. Qd2
Nc6 9. O-O-O Nxd4 10. Bxd4 Be6 11. Kb1 Qc7 12. g4 Rfc8 13. h4 Qa5 14. Qg5 b5
15. Qxb5 Qc7 16. Qa4 Rab8 17. Ba6 Bd7 18. Qa3 Nxe4 19. fxe4 Bxd4 20. Rxd4 Qxc3
21. Qxc3 Rxc3 22. e5 Bc6 23. Re1 dxe5 24. Rxe5 Rh3 25. b3 e6 26. g5 Kg7 27. Rc5
Rb6 28. Bc4 h6 29. a4 Bxa4 30. Ra5 Bc6 31. Rxa7 hxg5 32. hxg5 Bb5 33. Rf4 Be8
34. Re7 Kf8 35. Rxe6 Rxe6 36. Bxe6 Rh5 37. c4 Rxg5 38. Kc2 Re5 39. Bd5 f5 40.
Kd3 g5 41. Rf2 f4 42. Kd4 Re3 43. b4 Rb3 44. Kc5 Bf7 45. b5 Bxd5 46. Kxd5 f3
47. Ke4 g4 48. Kf4 Rc3 49. Kxg4 Rxc4+ {(=)} 50. Kxf3 Rb4 51. Ke3+ Ke7 52. Rf5
Kd6 53. Kd3 Kc7 54. Kc3 Rh4 55. Rf6 Kb7 56. Rc6 Rg4 57. Rc4 1/2-1/2

[Event "Hastings Hybrid KO/Open"]
[Site "Hastings"]
[Date "2004.12.29"]
[Round "2"]
[White "Socko, Monika"]
[Black "Grant, Alan"]
[Result "1/2-1/2"]
[WhiteElo "2439"]
[BlackElo "2206"]
[PlyCount "63"]
[EventDate "2004.12.28"]
[EventType "swiss"]
[EventCountry "ENG"]
[SourceTitle "BCM-0004"]
[Source "bcmchess.co.uk"]
[SourceDate "2005.02.07"]
[SourceVersion "1"]
[SourceVersionDate "2005.02.07"]
[SourceQuality "2"]

1. d4 e6 2. c4 f5 3. Nf3 Nf6 4. g3 Be7 5. Bg2 O-O 6. O-O d6 7. b3 Ne4 8. Bb2
Bf6 9. Nbd2 Nc6 10. e3 Nxd2 11. Qxd2 e5 12. Rad1 Qe8 13. b4 g5 14. b5 Nd8 15.
dxe5 dxe5 16. Qa5 b6 17. Qc3 e4 18. Nd4 g4 19. Qa3 Nb7 20. Rd2 Nc5 21. Rfd1 Be6
22. Bc3 a6 23. Nc6 Bxc3 24. Qxc3 Qf7 25. Bf1 Qf6 26. Qd4 Kg7 27. h4 h5 {(=)}
28. Ne7 Rae8 29. Nc6 Ra8 30. Ne7 Rae8 31. Nc6 Ra8 32. Ne7 1/2-1/2

[Event "Hastings Hybrid KO/Open"]
[Site "Hastings"]
[Date "2004.12.29"]
[Round "2"]
[White "Ziatdinov, Rashid"]
[Black "Rayner, Francis"]
[Result "1-0"]
[WhiteElo "2464"]
[BlackElo "2212"]
[PlyCount "69"]
[EventDate "2004.12.28"]
[EventType "swiss"]
[EventCountry "ENG"]
[SourceTitle "BCM-0004"]
[Source "bcmchess.co.uk"]
[SourceDate "2005.02.07"]
[SourceVersion "1"]
[SourceVersionDate "2005.02.07"]
[SourceQuality "2"]

1. e4 c5 2. Nf3 e6 3. d4 cxd4 4. Nxd4 Nc6 5. Nc3 Qc7 6. Ndb5 Qb8 7. Be3 a6 8.
Bb6 axb5 9. Nxb5 Bb4+ 10. c3 Ba5 11. Nc7+ Qxc7 12. Bxc7 Bxc7 13. Bd3 Nf6 14.
O-O O-O 15. f4 e5 16. f5 Rd8 17. c4 Bb6+ 18. Kh1 Bd4 19. g4 h6 20. h4 h5 21. g5
Ng4 22. Be2 Ne3 23. Qb3 Na5 24. Qa3 b6 25. b4 Bb7 26. bxa5 Bxe4+ 27. Bf3 Bxf3+
28. Rxf3 Nc2 29. Qd6 Nxa1 30. g6 f6 31. axb6 Rxa2 32. b7 Rb2 33. Ra3 Rxb7 34.
Qd5+ Kh8 35. Qxb7 1-0

[Event "Hastings Hybrid KO/Open"]
[Site "Hastings"]
[Date "2004.12.30"]
[Round "3"]
[White "Kotronias, Vasilios"]
[Black "Pert, Richard"]
[Result "1-0"]
[WhiteElo "2599"]
[BlackElo "2420"]
[PlyCount "77"]
[EventDate "2004.12.28"]
[EventType "swiss"]
[EventCountry "ENG"]
[SourceTitle "BCM-0004"]
[Source "bcmchess.co.uk"]
[SourceDate "2005.02.07"]
[SourceVersion "1"]
[SourceVersionDate "2005.02.07"]
[SourceQuality "2"]

1. e4 c5 2. Nf3 d6 3. d4 cxd4 4. Nxd4 Nf6 5. Nc3 g6 6. Be3 Bg7 7. f3 Nc6 8. Qd2
O-O 9. Bc4 Bd7 10. O-O-O Rc8 11. Bb3 Nxd4 12. Bxd4 b5 13. Nd5 Nxd5 14. Bxg7
Kxg7 15. exd5 a5 16. a3 b4 17. axb4 axb4 18. Qxb4 Kg8 19. Rhe1 Re8 20. Rd4 Rb8
21. Qd2 Qb6 22. Kd1 Ra8 23. Re3 Ra1+ 24. Ke2 Rb1 25. Rb4 Qa7 26. c3 Rh1 27. Kf2
Rxh2 28. Kg1 Rh5 29. Qf2 Qc5 30. Re2 Qc8 31. Qa7 Rg5 32. Rc4 Qd8 33. Rc7 Bf5
34. Rcxe7 Rf8 35. Qe3 h6 36. Re8 Qa5 37. Qd4 Qc5 38. Qxc5 dxc5 39. d6 1-0

[Event "Hastings Hybrid KO/Open"]
[Site "Hastings"]
[Date "2004.12.30"]
[Round "3"]
[White "Socko, Bartosz"]
[Black "Hendriks, Willy"]
[Result "1/2-1/2"]
[WhiteElo "2570"]
[BlackElo "2396"]
[PlyCount "76"]
[EventDate "2004.12.28"]
[EventType "swiss"]
[EventCountry "ENG"]
[SourceTitle "BCM-0004"]
[Source "bcmchess.co.uk"]
[SourceDate "2005.02.07"]
[SourceVersion "1"]
[SourceVersionDate "2005.02.07"]
[SourceQuality "2"]

1. e4 d6 2. d4 Nf6 3. f3 g6 4. Be3 Bg7 5. Qd2 c6 6. c4 a6 7. a4 a5 8. Nc3 Na6
9. Bd3 e5 10. d5 O-O 11. Rd1 cxd5 12. cxd5 Nd7 13. Nge2 f5 14. exf5 gxf5 15.
O-O Ndc5 16. Bb5 Bd7 17. Nc1 Rc8 18. Nd3 Bxb5 19. axb5 Nb3 20. Qe2 Nb8 21. Qc2
Nd4 22. Qf2 Nd7 23. Nf4 Nxf3+ 24. Qxf3 exf4 25. Bxf4 Ne5 26. Qg3 Kh8 27. Kh1
Qd7 28. Rf2 Rc4 29. Rdf1 a4 30. h3 Rd4 31. Rd2 Rb4 32. Rdf2 Rb3 33. Bc1 a3 34.
bxa3 Nc4 35. Rf3 Ne5 36. Re3 Nc4 37. Ref3 Ne5 38. Re3 Nc4 1/2-1/2

[Event "Hastings Hybrid KO/Open"]
[Site "Hastings"]
[Date "2004.12.30"]
[Round "3"]
[White "Wu, Li"]
[Black "Bondar, Tana"]
[Result "1-0"]
[WhiteElo "2236"]
[BlackElo "2172"]
[PlyCount "75"]
[EventDate "2004.12.28"]
[EventType "swiss"]
[EventCountry "ENG"]
[SourceTitle "BCM-0004"]
[Source "bcmchess.co.uk"]
[SourceDate "2005.02.07"]
[SourceVersion "1"]
[SourceVersionDate "2005.02.07"]
[SourceQuality "2"]

1. d4 e6 2. c4 c5 3. d5 exd5 4. cxd5 d6 5. Nc3 a6 6. a4 g6 7. Nf3 Bg7 8. Nd2
Nd7 9. e4 Ne7 10. Be2 O-O 11. O-O f5 12. Nc4 Ne5 13. Nxe5 Bxe5 14. Bh6 Rf7 15.
Qd2 Kh8 16. Bf4 Bg7 17. Bc4 Ng8 18. Rfe1 h6 19. h4 Re7 20. Re2 Re8 21. g3 b6
22. Rae1 Ra7 23. e5 dxe5 24. Bxe5 Bxe5 25. Rxe5 Rxe5 26. Rxe5 Kg7 27. Ne2 Nf6
28. f3 Qd7 29. Nf4 Qxa4 30. Qe2 Qd7 31. Ne6+ Kh8 32. Qe3 Qh7 33. Qc3 Rf7 34.
Nxc5 bxc5 35. Re8+ Kg7 36. Rxc8 g5 37. d6 f4 38. Bd3 1-0

[Event "Hastings Hybrid KO/Open"]
[Site "Hastings"]
[Date "2004.12.31"]
[Round "4"]
[White "Cafferty, Bernard"]
[Black "Twitchell, Neville H"]
[Result "1-0"]
[WhiteElo "2218"]
[BlackElo "2023"]
[PlyCount "59"]
[EventDate "2004.12.28"]
[EventType "swiss"]
[EventCountry "ENG"]

1. c4 g6 2. d4 Nf6 3. Nf3 Bg7 4. g3 O-O 5. Bg2 d5 6. cxd5 Nxd5 7. O-O c5 8. e4
Nf6 9. e5 Nd5 10. dxc5 Na6 11. Na3 Nxc5 12. Qd4 Ne6 13. Qh4 b6 14. Rd1 Bb7 15.
Bh6 Rc8 16. Nb5 Qe8 17. Nbd4 Nxd4 18. Rxd4 e6 19. Ng5 f6 20. exf6 Bxh6 21. Qxh6
Rf7 22. Nxf7 Qxf7 23. Qg7+ Qxg7 24. fxg7 Rc2 25. Re1 Kxg7 26. h4 Kf6 27. Rde4
Rxb2 28. Rxe6+ Kf7 29. Rd6 Rd2 30. Rd7+ {Source: L John Cannon. Contributed by
Brian Denman, 21 February 2022} 1-0

[Event "Hastings Hybrid KO/Open"]
[Site "Hastings"]
[Date "2004.12.31"]
[Round "4"]
[White "Efimenko, Zahar"]
[Black "Socko, Bartosz"]
[Result "0-1"]
[WhiteElo "2594"]
[BlackElo "2570"]
[PlyCount "90"]
[EventDate "2004.12.28"]
[EventType "swiss"]
[EventCountry "ENG"]
[SourceTitle "BCM-0004"]
[Source "bcmchess.co.uk"]
[SourceDate "2005.02.07"]
[SourceVersion "1"]
[SourceVersionDate "2005.02.07"]
[SourceQuality "2"]

1. e4 e5 2. Nf3 Nc6 3. Bb5 a6 4. Ba4 Nf6 5. O-O Be7 6. Re1 b5 7. Bb3 d6 8. c3
O-O 9. h3 Nb8 10. d4 Nbd7 11. Nbd2 Bb7 12. Bc2 Re8 13. Nf1 Bf8 14. Ng3 g6 15.
b3 Bg7 16. d5 Qe7 17. c4 c6 18. Be3 Rec8 19. Qd2 a5 20. Rac1 Nc5 21. Bxc5 dxc5
22. dxc6 Bxc6 23. cxb5 Bxb5 24. a4 Bc6 25. Bd3 Nd7 26. Nf1 Rcb8 27. Rc3 Rb4 28.
Ne3 Kh8 29. Nc4 Nf8 30. Bc2 f6 31. Qd6 Qxd6 32. Nxd6 Ne6 33. Bd3 Bf8 34. Bb5
Bxb5 35. Nxb5 Nd4 36. Nfxd4 cxd4 37. Rf3 Rc8 38. Rxf6 Rxb3 39. Re6 d3 40. Rd1
Bb4 41. Nd6 Rc2 42. Nf7+ Kg7 43. Nxe5 d2 44. Rc6 Rxc6 45. Nxc6 Rc3 0-1

[Event "Hastings Hybrid KO/Open"]
[Site "Hastings"]
[Date "2004.12.31"]
[Round "4"]
[White "Gormally, Daniel W"]
[Black "Belov, Vladimir"]
[Result "1/2-1/2"]
[WhiteElo "2472"]
[BlackElo "2552"]
[PlyCount "52"]
[EventDate "2004.12.28"]
[EventType "swiss"]
[EventCountry "ENG"]
[SourceTitle "BCM-0004"]
[Source "bcmchess.co.uk"]
[SourceDate "2005.02.07"]
[SourceVersion "1"]
[SourceVersionDate "2005.02.07"]
[SourceQuality "2"]

1. e4 c5 2. Nf3 d6 3. d4 cxd4 4. Nxd4 Nf6 5. Nc3 a6 6. Bc4 e6 7. Bb3 Nbd7 8. f4
Nc5 9. f5 b5 10. Qf3 Bd7 11. fxe6 fxe6 12. Be3 b4 13. Nce2 Nxb3 14. cxb3 e5 15.
Nf5 g6 16. Nh6 Bxh6 17. Bxh6 Ng4 18. Bg7 Rg8 19. O-O Qe7 20. h3 Rxg7 21. hxg4
Rf7 22. Qd3 Be6 23. Ng3 Ra7 24. Rxf7 Kxf7 25. Rf1+ Kg8 26. g5 a5 1/2-1/2

[Event "Hastings Hybrid KO/Open"]
[Site "Hastings"]
[Date "2004.12.31"]
[Round "4"]
[White "Harper, Ryan"]
[Black "Harman, Ronald FA"]
[Result "1-0"]
[WhiteElo "2246"]
[BlackElo "2057"]
[PlyCount "47"]
[EventDate "2004.12.28"]
[EventType "swiss"]
[EventCountry "ENG"]

1. e4 e6 2. d4 d5 3. Nc3 Bb4 4. e5 Ne7 5. h4 c5 6. a3 Bxc3+ 7. bxc3 Qc7 8. h5
Nbc6 9. h6 g6 10. Nf3 Bd7 11. Bg5 Qa5 12. Qd2 cxd4 13. cxd4 Qxd2+ 14. Kxd2 O-O
15. Bf6 Rfc8 16. Rb1 Rc7 17. Rh3 Rac8 18. c3 Re8 19. Nh2 Rec8 20. Ng4 Kf8 21.
Bg7+ Ke8 22. Nf6+ Kd8 23. Nxh7 Nxd4 24. Nf6 {Source: L John Cannon.
Contributed by Brian Denman, 21 February 2022} 1-0